000 00650nam a2200265Ia 4500
001 4803
005 20240113233800.0
007 ta
008 050615s1971 g b000 u hin u
020 _cHB
040 _aCotton College Assam
041 _ahin
082 _a891.432
_bP 886 C
100 _aPrashad, J..
245 0 _aChandaGupta Bikramaditya /
_cJ. Prashad.
_hTextual Documents
250 _a1st ed. /
260 _aAllahabad :
_bBharati Bhandar ,
_c1971.
300 _a141p. ;
_c18cm.
653 _aHindi drama
653 _aGen-Hindi
942 _2ddc
_cBK
999 _c4790
_d4790